ARRUPE JESUIT UNIVERSITY

CORONAVIRUS -STOP THE SPREAD - CLEAN,DISINFECT,COVER

A forest of kings : (Record no. 118191)

MARC details
000 -LEADER
fixed length control field 01312cam a2200313 a 4500
001 - CONTROL NUMBER
control field 2015741
003 - CONTROL NUMBER IDENTIFIER
control field ARRUPE
005 - DATE AND TIME OF LATEST TRANSACTION
control field 20131001142049.0
008 - FIXED-LENGTH DATA ELEMENTS--GENERAL INFORMATION
fixed length control field 910904r19921990nyuabf b 001 0 eng
010 ## - LIBRARY OF CONGRESS CONTROL NUMBER
LC control number 91034069
020 ## - INTERNATIONAL STANDARD BOOK NUMBER
International Standard Book Number 0688112048 (acidfree paper) :
Terms of availability $15.00 FPT
040 ## - CATALOGING SOURCE
Original cataloging agency DLC
Transcribing agency DLC
Modifying agency DLC
043 ## - GEOGRAPHIC AREA CODE
Geographic area code n-mx---
-- nc-----
050 00 - LIBRARY OF CONGRESS CALL NUMBER
Classification number F1435.3.K55
Item number S34 1992
082 00 - DEWEY DECIMAL CLASSIFICATION NUMBER
Classification number 972.81/016
Edition number 20
300 ## - PHYSICAL DESCRIPTION
Other physical details ill. (some col.), maps ;
Dimensions 26 cm.
100 1# - MAIN ENTRY--PERSONAL NAME
Personal name Schele, Linda.
9 (RLIN) 1873
245 12 - TITLE STATEMENT
Title A forest of kings :
Remainder of title the untold story of the ancient Maya /
Statement of responsibility, etc Linda Schele and David Freidel ; color photographs by Justin Kerr.
260 ## - PUBLICATION, DISTRIBUTION, ETC. (IMPRINT)
Place of publication, distribution, etc New York :
Name of publisher, distributor, etc Quill/W. Morrow,
Date of publication, distribution, etc [1992].
300 ## - PHYSICAL DESCRIPTION
Extent 542 p., [16] p. of plates :
500 ## - GENERAL NOTE
General note Originally published: 1st ed. New York : Morrow, c1990.
504 ## - BIBLIOGRAPHY, ETC. NOTE
Bibliography, etc Includes bibliographical references (p. [509]-532) and index.
650 #0 - SUBJECT ADDED ENTRY--TOPICAL TERM
Topical term or geographic name as entry element Mayas
General subdivision Kings and rulers.
9 (RLIN) 1874
650 #0 - SUBJECT ADDED ENTRY--TOPICAL TERM
Topical term or geographic name as entry element Mayas
General subdivision History.
9 (RLIN) 1875
700 1# - ADDED ENTRY--PERSONAL NAME
Personal name Freidel, David A.
9 (RLIN) 1876
856 42 - ELECTRONIC LOCATION AND ACCESS
Materials specified Publisher description
Uniform Resource Identifier <a href="http://www.loc.gov/catdir/description/hc043/91034069.html">http://www.loc.gov/catdir/description/hc043/91034069.html</a>
906 ## - LOCAL DATA ELEMENT F, LDF (RLIN)
a 7
b cbc
c orignew
d 1
e ocip
f 19
g y-gencatlg
942 ## - ADDED ENTRY ELEMENTS (KOHA)
Source of classification or shelving scheme Library of Congress Classification
Koha item type Monograph ( Printed materials)
Holdings
Withdrawn status Lost status Source of classification or shelving scheme Damaged status Not for loan Home library Current library Date acquired Total Checkouts Full call number Barcode Date last seen Price effective from Koha item type
    Library of Congress Classification     ARRUPE LIBRARY ARRUPE LIBRARY 01/10/2013   F1435.3.K55 S34 1990 46411417 04/04/2018 01/10/2013 Monograph ( Printed materials)

 

Arrupe Library. PO Box MP320 Mt Pleasant, Harare, Zimbabwe
263 242 745411|librarian@aju.ac.zw